Các văn bản hướng dẫn thực hiện luật doanh nghiệp
Các Nghị định, Quyết định, Thông tư về Luật doanh nghiệp và đăng kí kinh doanh của Chính phủ trong năm 2000.
Bewaard in:
| Formaat: | Boek |
|---|---|
| Taal: | Undetermined |
| Gepubliceerd in: |
Hà Nội
Xây dựng
2000
|
| Onderwerpen: | |
| Tags: |
Voeg label toe
Geen labels, Wees de eerste die dit record labelt!
|
| Thư viện lưu trữ: | Trung tâm Học liệu Trường Đại học Cần Thơ |
|---|
| LEADER | 00709nam a2200205Ia 4500 | ||
|---|---|---|---|
| 001 | CTU_38365 | ||
| 008 | 210402s9999 xx 000 0 und d | ||
| 020 | |c 28000 | ||
| 082 | |a 343.07026 | ||
| 082 | |b C101 | ||
| 245 | 0 | |a Các văn bản hướng dẫn thực hiện luật doanh nghiệp | |
| 260 | |a Hà Nội | ||
| 260 | |b Xây dựng | ||
| 260 | |c 2000 | ||
| 520 | |a Các Nghị định, Quyết định, Thông tư về Luật doanh nghiệp và đăng kí kinh doanh của Chính phủ trong năm 2000. | ||
| 650 | |a Economics | ||
| 650 | |x Law and legislation | ||
| 650 | |z Vietnam | ||
| 904 | |i Minh | ||
| 980 | |a Trung tâm Học liệu Trường Đại học Cần Thơ | ||